| 000 | 01115nam a22003017a 4500 | ||
|---|---|---|---|
| 003 | CHAP | ||
| 005 | 20220329134602.0 | ||
| 008 | 971013s1972 r 00010 d | ||
| 010 | _a22566 | ||
| 011 | _a23538 | ||
| 035 | _a27634 | ||
| 040 | _cCHAP | ||
| 082 |
_a332.71 _bA8 |
||
| 111 | 0 | 0 |
_aAustralia. Bureau of Agricultural Economics. _98374 |
| 245 |
_aRural credit in Australia _b: an investigation into credit facilities available to Australia's rural producers |
||
| 260 |
_aCanberra : _bUustralian Government Publishing Service, _c1972 |
||
| 300 | _aPág. varía | ||
| 590 |
_aBATCH-UPD _b10 _c20130110 _lUCH01 _h2251 |
||
| 590 |
_aBATCH-UPD _b10 _c20130410 _lUCH01 _h1544 |
||
| 590 |
_aBATCH-UPD _b10 _c20130914 _lUCH01 _h1101 |
||
| 590 |
_aCONVERSION _b10 _c20130109 _lUCH01 _h1313 |
||
| 650 | 1 | 4 |
_aCrédito agrícola _xAustralia. _929030 |
| 901 | _aBK | ||
| 942 | _cLIBRO | ||
| 949 |
_a332.71 A8 _bBC _cLIBRO _d33724000327342 _eLIBRO _h32191 _i27634 _si |
||
| 949 |
_a332.71 A8 _bBC _cLIBRO _d33724000327359 _eLIBRO _fc.2 _h32192 _i27634 _si |
||
| 949 |
_a332.71 A8 _bBC _cLIBRO _d33724000327367 _eLIBRO _fc.3 _h32193 _i27634 _si |
||
| 999 |
_c22566 _d22566 |
||